000 00877nam a2200241Ii 4500
003 JO-AjNU
008 230605s9999||||xx |||||||||||||| ||und||
017 _a2001/4174
020 _a977-5274-58-3
040 _aJO-AjNU
_bara
_erda
_cJO-AjNU
041 _aara
050 1 4 _aDS109.9.y37 2001
100 3 _aتاليف الياسين، جاسم بن محمد بن مهلهل,
_eauthor
_941103
245 0 0 _aالقدس: قضية أمة
250 _aط2
264 3 1 _aمصر: مركز الاعلام العربي، 2001
300 _a128ص
336 _atext
_btxt
_2rdacontent
337 _aunmediated
_bn
_2rdamedia
338 _avolume
_bnc
_2rdacarrier
490 0 _aسلسلة كتاب القدس؛ 2
650 4 _aالعرب واليهود- النزاع العربي الاسرائيلي-، القدس تاريخ- الاحتلال الاسرائيلي 1948
_941104
999 _aA17498
_c21066
_d21066